000 00351nam a2200145Ia 4500
008 230312s9999||||xx |||||||||||||| ||und||
020 _a81-219-4245-4
082 _a612
_bJAY-P
100 _aJayaveera;K.N
245 0 _aPractical Medicinal Chemistry
260 _bS.Chand
_aIndia
_c2014
300 _a156
650 _aPharmacy
_vChemistry
942 _cBK
999 _c9873
_d9873